A água e a águia (Registo nº 32550)

Detalhes MARC
000 -Etiqueta do registo
Valores 00601nam a2200229 4500
010 ## - Número ISBN
ISBN 9789722129596
021 ## - Número do Depósito Legal
-- PT
Número 445078/18
090 ## -
-- 32550
100 ## - Dados gerais de processamento
Dados gerais 20191121 frey50
101 ## - Língua de publicação
-- por
102 ## - País de publicação
-- PT
200 ## - Titulo e menção de responsabilidade
Título próprio A água e a águia
Primeira menção de responsabilidade Mia Couto
Outras menções de responsabilidade il. Danuta Wojciechowska
205 ## - Menção da edição
Edição 1ª. ed.
210 ## - Publicação
Local de publicação Alfragide
Nome do editor Caminho
Data de publicação 2018
215 ## - Descrição física 
Paginação / Volumes [26] p.
Outras indicações físicas il.
Dimensões 23 cm
606 ## - Nome comum usado como assunto
Palavra de ordem Literatura infantil
ID Autoridade 185
675 ## - CDU
Notação 8:087.5
-- 69
700 ## - Autor principal (pessoa individual)
-- 070
ID Autoridade 3980
Apelido Couto
Nome Mia
701 ## - Co-autor principal (pessoa individual)
-- 440
ID Autoridade 2379
Apelido Wojciechowska
Nome Danuta
Datas 1960-
801 ## - Fonte de origem
País PT
Regras de catalogação RPC
990 ## - Elementos KOHA
Tipo de documento Livro
Exemplares
Situação do levantamento Estado Biblioteca de origem Biblioteca de empréstimo Código de barras Cota Permissão de empréstimo Tipo de documento Nota relativa ao exemplar Forma de aquisição
  Completo Biblioteca Municipal de Viana Do Alentejo Biblioteca Municipal de Viana Do Alentejo 0032212 8 COU Disponível Livro 6-10 anos  
  Completo Biblioteca do Centro Escolar de Viana do Alentejo Biblioteca do Centro Escolar de Viana do Alentejo 2130 BV 087.5 COU Disponível Livro    




Powered by Koha